000 00244nam a2200097Ia 4500
001 851301
005 20250826174453.0
008 250824s9999 xx 000 0 und d
245 0 _aAŞKIN ÖTEKİ YÜZÜ
_cEDITH WHARTON
260 _bPANAMA YAYINLARI
999 _c851301
_d851301